<A> Polgári közgazdaságtan története

Na minha lista:
Detalhes bibliográficos
Autor principal: Matyás, Antal
Formato: Livro
Idioma:húngaro
Publicado em: Budapest Közgazdasági és Jogi Könyvkiadó 1963
Tags: Adicionar Tag
Sem tags, seja o primeiro a adicionar uma tag!

MARC

LEADER 00000nam a2200000 4500
001 c114836
005 20041019155159.7
041 0 |a hun 
044 |a HU 
245 1 0 |a <A> Polgári közgazdaságtan története  |c Antal Matyás 
264 1 |a Budapest  |b Közgazdasági és Jogi Könyvkiadó  |c 1963 
300 |a 620 s. 
100 1 |a Matyás, Antal